50 Años bajo la bandera de la Revolución de 1910. (Record no. 82)
[ view plain ]
| 000 -CABECERA | |
|---|---|
| campo de control de longitud fija | 01083nam a2200217 a 4500 |
| 005 - FECHA Y HORA DE LA ÚLTIMA TRANSACCIÓN | |
| campo de control | 20210223120406.0 |
| 008 - ELEMENTOS DE LONGITUD FIJA--INFORMACIÓN GENERAL | |
| campo de control de longitud fija | 991125s1960 mx 000 0 spa u |
| 035 ## - NÚMERO DE CONTROL DEL SISTEMA | |
| Número de control de sistema | UPN01000000082 |
| 049 ## - COLECCIÓN | |
| Colección | CG |
| 050 #4 - SIGNATURA TOPOGRÁFICA DE LA BIBLIOTECA DEL CONGRESO | |
| Número de clasificación | JL1245 D |
| Número de documento/Ítem | M4.2 1960 |
| 110 1# - ASIENTO PRINCIPAL--NOMBRE CORPORATIVO | |
| Nombre de entidad corporativa o nombre de jurisdicción como elemento de entrada | México. |
| Unidad subordinada | Presidente (1958-1964 : López Mateos) |
| 245 10 - MENCIÓN DE TÍTULO | |
| Título | 50 Años bajo la bandera de la Revolución de 1910. |
| 260 ## - PUBLICACIÓN, DISTRIBUCIÓN, ETC. | |
| Lugar de publicación, distribución, etc. | México : |
| Nombre del editor, distribuidor, etc. | La Justicia, |
| Fecha de publicación, distribución, etc. | 1960. |
| 300 ## - DESCRIPCIÓN FÍSICA | |
| Extensión | 151 p. |
| 440 #0 - MENCIÓN DE SERIE/ASIENTO SECUNDARIO--TÍTULO | |
| Título | Documentos para la historia de un gobierno ; |
| Designación de volumen o secuencia | 47 |
| 500 ## - NOTA GENERAL | |
| Nota general | "Incluye todos los actos conmemorativos ; los discursos de los representantes de los tres poderes de la Unión ; el prólogo que redactó el señor Presidente para la Enciclopedia de la Revolución ; y otras declaraciones e inauguraciones del propio Jefe del Ejecutivo en Puebla, Pue. y en México, D.F." |
| 500 ## - NOTA GENERAL | |
| Nota general | "Con una introducción de Antonio Luna Arroyo que incluye El ideario del Señor Presidente sobre la Revolución Mexicana" |
| 500 ## - NOTA GENERAL | |
| Nota general | Disponible en la Colección Medina |
| 651 #4 - ASIENTO SECUNDARIO DE MATERIA - NOMBRE GEOGRAFICO | |
| Nombre geográfico | MEXICO - |
| Subdivisión general | POLITICA Y GOBIERNO - |
| Subdivisión cronológica | 1958-1964 |
| 9 (RLIN) | 19585 |
| 905 ## - TIPO DE MATERIAL | |
| Tipo de material | Libro |
| Estado de retiro | Estado de pérdida | Fuente del sistema de clasificación o colocación | Estado dañado | No para préstamo | Código de colección | Localización permanente | Ubicación/localización actual | Ubicación en estantería | Fecha de adquisición | Clasificación | Código de barras | Fecha visto por última vez | Número de copia | Tipo de ítem Koha |
|---|---|---|---|---|---|---|---|---|---|---|---|---|---|---|
| Library of Congress Classification | Disponible (Préstamo en sala) | Colección Medina | Bib. Gregorio Torres Quintero | Bib. Gregorio Torres Quintero | Colecciones especiales Planta alta | 30/01/2023 | JL1245 D M4.2 1960 | 102077 | 31/12/2020 | 1 | Libro |
